Statistics for Famous Armenians!

Click here to take the quiz!

General Stats

  • This quiz has been taken 267 times
  • The average score is 3 of 7

Answer Stats

HintAnswer% Correct
Made famous by her sex-tape and reality TV showKim Kardashian
85%
Actress and singer in Sonny & ____ ShowCherylin Sarkissian
70%
Co-founder of Apple computerSteve Jobs
49%
Tennis player ranked 1# in 1995, has won Wimbledon, US Open, French Open, and an Olympic Gold MedalAndre Agassi
38%
(Character) Bart and Lisa's principal on "The Simpsons"Seymour Skinner
15%
Race car driver who won the Formula 1 race four timesAlain Prost
11%
Writer/actor known for Sex, Drugs, Rock & Roll; and Talk RadioEric Bogosian
6%

Score Distribution

Percentile by Number Answered

Percent of People with Each Score

Your Score History

You have not taken this quiz